000 00228nam a22000977a 4500
999 _c11385
_d11385
008 190404b ||||| |||| 00| 0 eng d
020 _a9780713652642
100 _a Sanders, T. E
_97119
245 _aSwimming
260 _aLondon
_bA&B